| 000 | 01559cam a2200433 a 4500 | ||
|---|---|---|---|
| 001 | 21960 | ||
| 003 | VRT | ||
| 005 | 20260316114735.0 | ||
| 008 | 240702s1997 xo a br 000 j slo | ||
| 015 | _aSNBA1998/05-01655 | ||
| 020 |
_a8071464767 _q(viaz.) |
||
| 035 | _aSNK000270427 | ||
| 035 | _aurn:nbn:sk:snk-amtjeb | ||
| 035 | _aurn:nbn:sk:snk-am00c8ck | ||
| 035 | _aF1C88343-2B3D-42F1-B9A2-77CA66751CF3 | ||
| 039 | 9 |
_a202412041228 _bmsnk123 _c202407101214 _dcsnk01 _c202407101214 _dcsnk01 _c202407021405 _dVLOAD |
|
| 040 |
_aSNK _bslo _cSNK _eAACR2 |
||
| 041 | 1 |
_aslo _hund |
|
| 044 |
_axo _cSK |
||
| 072 | 7 |
_a821-93 _xLiteratúra pre deti a mládež (beletria) _2konspekt |
|
| 080 |
_a820/899 (100)-3(087.5) _21981 |
||
| 245 | 0 | 0 |
_aMôj rozprávkový svet _cpreložila Mária Čierna |
| 250 | _aSlovenské vydanie | ||
| 260 |
_aBratislava _bJunior _c1997 |
||
| 300 |
_a163 s. _bfareb. ilustr. _c29 cm |
||
| 500 | _aObalový názov | ||
| 655 | 7 |
_arozprávky _2SNKPH |
|
| 655 | 7 |
_aliteratúra pre deti _2SNKPH |
|
| 700 | 1 |
_aČierna, Mária, _d1940- _4trl |
|
| 942 |
_2ddc _cKLDE _n0 |
||
| 949 |
_62889360430 _asavukPV 340 |
||
| 949 |
_6270001000002698 _asvkbbC 39873 _p614.799 |
||
| 949 |
_617A0118567 _9P60, <03>, [BOOK], {603} _asnkSB 58215 _bsnkKSP 940/98 _s6100:20160606 |
||
| 949 |
_617A0118566 _9P60, <04>, [BOOK], {604} _asnkSB 58215 D1 _bsnkKSP 941/98 |
||
| 949 |
_64710705769 _astrmkM _bstrmk2008/5769 |
||
| 949 |
_6273K0110274 _asvkpoC 33294 _bsvkpo428279 |
||
| 999 |
_c21960 _d21960 |
||